Digitální technologie mění vývoj podnikání

Revolučné zmeny v podnikaní. Päť hlavných trendov digitalizácie podnikov. Zariadenia a stroje nadobúdajúce digitálnu inteligenciu. Prechod od pracovnej sily k veľkým skupinám. Dátový dodávateľský reťazec. Sofistikovanejšie dátové centrá. IT aplikácie ako hlavný faktor rastu a diferenciácie podnikov.

Na minha lista:
Detalhes bibliográficos
Autor principal: Přikryl, Jan
Formato: Capítulo de Livro
Idioma:tcheco
Assuntos:
Tags: Adicionar Tag
Sem tags, seja o primeiro a adicionar uma tag!

MARC

LEADER 00000naa a2200000 4500
001 0191124
005 20231211095026.7
041 0 |a cze 
044 |a CZ 
245 1 0 |a Digitální technologie mění vývoj podnikání  |c Jan Přikryl 
520 |a Revolučné zmeny v podnikaní. Päť hlavných trendov digitalizácie podnikov. Zariadenia a stroje nadobúdajúce digitálnu inteligenciu. Prechod od pracovnej sily k veľkým skupinám. Dátový dodávateľský reťazec. Sofistikovanejšie dátové centrá. IT aplikácie ako hlavný faktor rastu a diferenciácie podnikov. 
610 2 0 |a podnikanie 
610 2 0 |a podnik 
610 2 0 |a digitalizácia 
610 2 0 |a technológie informačné 
610 2 0 |a technológie komunikačné 
100 1 |a Přikryl, Jan